00639nam a2200193Ia 450000500170000000800410001702000180005804000180007604100080009408200220010210000180012424500750014225000120021726000550022930000280028465000620031265000550037470000160042920220322152200.0210716s2012 xx 000 0 und d a9788120342828 cAIMIT LIBRARY aeng a658.575 25bCHIA aChitale, A K. aProduct design and manufacturing. /cBy A. K. Chitale and R. C. Gupta. a5th ed. aNew Delhi :bPHI Learning private limited ,c2012. aXvii, 554p. ;c23.5 cm. aMaterial processing of plastics rubber glass and ceramics aHuman engineering considerations in product design aGupta, R C.